Cities by their Roman name #1 - Statistics

General Stats
  • This quiz has been taken 37 times
  • The average score is 11 of 34
Answer Stats
Roman province Roman name Current name % Correct
Aegyptus Alexandrea ad Aegyptum Alexandria
97%
Achaea Athenae Athens
94%
Britannia Londinium London
84%
Germania Inferior Bonna Bonn
66%
Baetica Corduba Cordova
56%
Gallia Narbonensis Tolosa Toulouse
53%
Germania Inferior Colonia Agrippinensis Cologne
50%
Dalmatia Aspalathos Split
50%
Gallia Lugdunensis Lugdunum Lyon
47%
Aquitania Burdigala Bordeaux
44%
Dacia Napoca Cluj-Napoca
44%
Britannia Eburacum York
38%
Gallia Belgica Augusta Treverorum Trier
34%
Creta et Cyrene Berenice Benghazi
31%
Pannonia Aquincum Budapest
31%
Africa Oea Tripoli
31%
Pannonia Vindobona Vienna
31%
Dalmatia Dyrrachium Durres
28%
Mauritania Icosium Algiers
25%
Dalmatia Scodra Shkodër
25%
Britannia Glevum Colonia Gloucester
19%
Moesia Odessus Varna
19%
Gallia Narbonensis Arelate Arles
16%
Raetia Augusta Vindelicorum Augsburg
16%
Moesia Singidunum Belgrade
16%
Pannonia Sopianae Pecs
16%
Britannia Ratae Corieltauvorum Leicester
13%
Britannia Lindum Colonia Lincoln
13%
Noricum Iuvavum Salzburg
13%
Britannia Durolipons Cambridge
9%
Gallia Belgica Diuodurum Metz
9%
Germania Inferior Trajectum ad Rhenum Utrecht
9%
Gallia Belgica Durocortorum Reims
6%
Gallia Lugdunensis Condate Riedonum Rennes
6%
No matching quizzes found
Score Distribution
Percent of People with Each Score
Percentile by Number Answered
Your Score History
You have not taken this quiz